Cours de physique de l'Ecole polytechnique / (Record no. 156233)
[ view plain ]
| 000 -LEADER | |
|---|---|
| campo de control de longitud fija | 01336nam a2200217 i 4500 |
| 001 - NÚMERO DE CONTROL | |
| campo de control | 156233 |
| 003 - IDENTIFICADOR DE NÚMERO DE CONTROL | |
| campo de control | ES-MaACL |
| 005 - FECHA Y HORA DE LA ÚLTIMA TRANSACCIÓN | |
| campo de control | 20250725062542.0 |
| 008 - DATOS DE LONGITUD FIJA--INFORMACIÓN GENERAL | |
| campo de control de longitud fija | 931025m18851906fr f |||| | fre d |
| 100 1# - ENTRADA PRINCIPAL--NOMBRE DE PERSONA | |
| Nombre de persona | Jamin, Jules-Célestin. |
| 9 (RLIN) | 128266 |
| 245 10 - MENCIÓN DEL TÍTULO | |
| Título | Cours de physique de l'Ecole polytechnique / |
| Mención de responsabilidad, etc. | par J. Jamin. |
| 250 ## - MENCION DE EDICION | |
| Mención de edición | 4\pe\s éd. augm. et entièrement refondue |
| Resto de la mención de edición | par Bouty. |
| 260 ## - PUBLICACIÓN, DISTRIBUCIÓN, ETC. | |
| Lugar de publicación, distribución, etc. | Paris : |
| Nombre del editor, distribuidor, etc. | [s.n.], |
| Fecha de publicación, distribución, etc. | [s.a.] ( |
| Fabricante | Gauthier-Villars et fils) |
| 300 ## - DESCRIPCIÓN FÍSICA | |
| Extensión | v. : |
| Otras características físicas | il. ; |
| Dimensiones | 23 cm. |
| 596 #1 - NOTA AL PIE DE IMPRENTA | |
| NOTA AL PIE DE IMPRENTA | NUC, fecha esta edición ca. 1885-1906. |
| 650 07 - PUNTO DE ACCESO ADICIONAL DE MATERIA--TÉRMINO DE MATERIA | |
| Término de materia o nombre geográfico como elemento de entrada | Física |
| Fuente del encabezamiento o término | embne |
| 9 (RLIN) | 12877 |
| 700 11 - ENTRADA AGREGADA--NOMBRE PERSONAL | |
| Nombre de persona | Bouty, Edmond Marie Leopold, |
| Término indicativo de función/relación | |
| 9 (RLIN) | 126134 |
| 752 ## - ENTRADA AGREGADA--NOMBRE JERÁRQUICO DEL LUGAR | |
| País o entidad superior | Francia - |
| Ciudad | París |
| 852 ## - LOCALIZACIÓN | |
| Ubicación | ES-MaACL |
| Número de control de estantería | B-12716-12722 |
| Nota libre | -- Enc. pasta española |
| -- | -- Los suplementos 1-2 enc. juntos |
| Encuadernación | -- T300: 7 v. -- T597: T. I. 1891 (245 p., 1 h. de lám. pleg.); T. II. Fasc. 1-3. 1886 ( 327, 229, 258 p., 1 h. pleg. -- T. III. Fasc. 1-3. 1887 (202, 206, 713 p., [8] h. de lám. pleg.); T. IV, 1ª parte. 1890 (381 p.,1 h. de lám. pleg.); T. IV, 2ª parte. 1891 (465, 240 p., 1 h. de lám., tablas generales 60 p.); 1e. Supl. 1896 (182 p.); 2e Supl. 1899 (211 p., 2 h. de lám.); 3e. Supl. 1906 (419 p.) |
| -- | -- Edic. T599: Numerosas il. intercaladas en el texto --T596: Las fechas de publicación de la obra: 1886-1906 |
| Estatus retirado | Estado de pérdida | Estado de daño | No para préstamo | Biblioteca de origen | Biblioteca actual | Ubicación en estantería | Fecha de adquisición | Fuente de adquisición | Total de préstamos | Signatura topográfica completa | Código de barras | Visto por última vez | Precio de reemplazo | Tipo de ítem Koha |
|---|---|---|---|---|---|---|---|---|---|---|---|---|---|---|
| Biblioteca del Ateneo de Madrid | Biblioteca del Ateneo de Madrid | Sala Pardo Bazán | 17/01/2008 | B-12716-12722 | 1163450 | 23/02/2023 | 23/02/2023 | Libro impreso |
